000 00751nam a2200289Ia 4500
005 20260324132659.0
008 008 260324s9999 xx 000 0 eng d
020 _a9780203391136
037 _aEBOOK
040 _aCRL
040 _beng
040 _cCRL
041 _2eng
041 _aeng
084 _qCRL
100 _aBelle Wallace; June Maker; Diana Cave
_91190212
245 0 _aThinking Skills and Problem-Solving - An Inclusive Approach
245 2 _bA Practical Guide for Teachers in Primary Schools
260 _bTaylor and Francis
260 _c2004
365 _a
365 _b205
856 _uhttp://www.taylorfrancis.com/books/9780203391136
942 _cEBOOK
999 _c1788527
_d1788527